| 000 | 00452nam a22001817a 4500 | ||
|---|---|---|---|
| 005 | 20180703171436.0 | ||
| 008 | 160618b xxu||||| |||| 00| 0 eng d | ||
| 020 | _a81-259-1658-X | ||
| 041 | _aeng | ||
| 082 |
_b8292 _a658.15 |
||
| 100 |
_aPandey, I.M. _94448 |
||
| 245 | _aFinancial Management | ||
| 250 | _a9th ed. | ||
| 260 |
_aNew Delhi _bVikas Publishing House (P) Ltd. _c2009 |
||
| 300 | _a762p, | ||
| 650 |
_aManagement _9241 |
||
| 942 | _cBK | ||
| 999 |
_c3178 _d3177 |
||